|
|
|
|
| LEADER |
00703nam a2200205 a 4500 |
| 001 |
c000091286 |
| 003 |
CARM |
| 005 |
00000000000000.0 |
| 008 |
930810s1960 enk 00011 eng d |
| 019 |
1 |
|
|a 10268327
|5 LACONCORD2021
|
| 035 |
|
|
|a (OCoLC)30221375
|5 LACONCORD2021
|
| 040 |
|
|
|a VLINC
|c VLINC
|
| 100 |
1 |
|
|a Williams, Wirt.
|
| 245 |
1 |
0 |
|a Ada Dallas /
|c by Wirt Williams.
|
| 260 |
|
|
|a London :
|b Muller,
|c c1960.
|
| 300 |
|
|
|a 381 p. ;
|c 20 cm.
|
| 852 |
8 |
|
|b CARM
|h A2:AG23G0
|i A01317
|p 0117334
|f BK
|
| 082 |
0 |
4 |
|a 813.54
|2 20
|
| 999 |
f |
f |
|i 5edfb9a2-5550-58d9-a473-c4adfcf3c9ce
|s 03671c4e-d01f-5e40-808e-4deaca1ca458
|
| 952 |
f |
f |
|p Can circulate
|a CAVAL
|b CAVAL
|c CAVAL
|d CARM 1 Store
|e A01317
|f A2:AG23G0
|h Other scheme
|i book
|m 0117334
|